[Event "SRB-chT2 West CS"]
[Site "Serbia"]
[Date "2011.10.15"]
[Round "10.3"]
[White "Radovanovic, Slavko"]
[Black "Drcelic, Sreten"]
[Result "1/2-1/2"]
[WhiteElo "2166"]
[BlackElo "2235"]
[PlyCount "20"]
[EventDate "2011.09.11"]
[EventType "team"]
[EventRounds "11"]
[EventCountry "SRB"]
[SourceTitle "EXT 2015"]
[Source "ChessBase"]
[SourceDate "2014.11.20"]
[SourceVersion "1"]
[SourceVersionDate "2014.11.20"]
[SourceQuality "1"]

1. d4 Nf6 2. c4 e6 3. Nc3 d5 4. cxd5 exd5 5. Bg5 Be7 6. e3 c6 7. Nf3 0-0 8. Bd3 Nbd7 9. Qc2 Re8 10. 0-0 Nf8 1/2-1/2

[Event "SRB-chT2 West CS"]
[Site "Serbia"]
[Date "2011.10.14"]
[Round "7.6"]
[White "Musovic, Sabrija"]
[Black "Radovanovic, Slavko"]
[Result "1/2-1/2"]
[WhiteElo "2140"]
[BlackElo "2166"]
[PlyCount "75"]
[EventDate "2011.09.11"]
[EventType "team"]
[EventRounds "11"]
[EventCountry "SRB"]
[SourceTitle "EXT 2015"]
[Source "ChessBase"]
[SourceDate "2014.11.20"]
[SourceVersion "1"]
[SourceVersionDate "2014.11.20"]
[SourceQuality "1"]

1. e4 e5 2. Nf3 d6 3. d4 Nf6 4. Nc3 Nbd7 5. Bg5 Be7 6. Qd2 c6 7. dxe5 dxe5 8. h3 Qc7 9. Bd3 Nc5 10. 0-0 a5 11. Bh4 Nh5 12. Qe3 Nf4 13. Ne2 Ng6 14. Bxe7 Qxe7 15. a3 0-0 16. Bc4 Be6 17. Bxe6 Nxe6 18. g3 Qc5 19. Qc3 a4 20. h4 h5 21. Rad1 Rfd8 22. Rfe1 Qxc3 23. Nxc3 Nc5 24. Kf1 f6 25. Nd2 b5 26. Re3 Ne7 27. f4 Ne6 28. fxe5 fxe5 29. Nf3 Ng6 30. Rdd3 Rxd3 31. Rxd3 Rd8 32. Rxd8+ Nxd8 33. b3 axb3 34. cxb3 Kf7 35. a4 Nb7 36. Ke2 Ke6 37. Kd3 Kd6 38. Kc2 1/2-1/2

[Event "SRB-chT2 West CS"]
[Site "Serbia"]
[Date "2011.10.13"]
[Round "6.1"]
[White "Radovanovic, Slavko"]
[Black "Bosiljcic, Zoran"]
[Result "1-0"]
[WhiteElo "2166"]
[BlackElo "2172"]
[PlyCount "89"]
[EventDate "2011.09.11"]
[EventType "team"]
[EventRounds "11"]
[EventCountry "SRB"]
[SourceTitle "EXT 2015"]
[Source "ChessBase"]
[SourceDate "2014.11.20"]
[SourceVersion "1"]
[SourceVersionDate "2014.11.20"]
[SourceQuality "1"]

1. e4 e5 2. Nf3 Nc6 3. d4 exd4 4. Nxd4 Qf6 5. Be3 Bc5 6. c3 Nge7 7. Nc2 Bb6 8. Be2 Qg6 9. Bf3 Ne5 10. 0-0 Nxf3+ 11. Qxf3 0-0 12. Bxb6 Qxb6 13. Nba3 f5 14. e5 d5 15. exd6 Qxd6 16. Rad1 Qc6 17. Qxc6 Nxc6 18. Nb5 Rf7 19. Rfe1 g6 20. Ncd4 Nxd4 21. Rxd4 a6 22. Rd8+ Kg7 23. Nd4 Rf8 24. Re7+ Kf6 25. Rxf8+ Kxe7 26. Rh8 c5 27. Nb3 b6 28. Rxh7+ Kf6 29. Rh8 Bb7 30. Rxa8 Bxa8 31. Nd2 Bd5 32. c4 Bc6 33. f4 a5 34. Kf2 a4 35. a3 g5 36. g3 g4 37. Ke3 Ke6 38. Nb1 Kd6 39. Nc3 Ke6 40. Kd3 Kd6 41. Kd2 Ke6 42. Nd1 Kd6 43. Nf2 Bd7 44. Kd3 Bc6 45. Ke3 1-0

[Event "SRB-chT3 West"]
[Site "Serbia"]
[Date "2010.10.03"]
[Round "4"]
[White "Jovanovic, Zoran4444"]
[Black "Radovanovic, Slavko"]
[Result "1/2-1/2"]
[WhiteElo "2090"]
[BlackElo "2155"]
[PlyCount "57"]
[EventDate "2010.09.12"]
[EventType "team"]
[EventRounds "11"]
[EventCountry "SRB"]
[SourceTitle "EXT 2012"]
[Source "ChessBase"]
[SourceDate "2011.11.24"]
[SourceVersion "1"]
[SourceVersionDate "2011.11.24"]
[SourceQuality "1"]

1. d4 Nf6 2. c4 d6 3. Nc3 e5 4. d5 Bf5 5. Nf3 h6 6. Qb3 Qc8 7. h3 Na6 8. Be3 Nd7 9. a3 Nac5 10. Qd1 a5 11. b4 axb4 12. axb4 Rxa1 13. Qxa1 Na6 14. Qb2 Be7 15. g4 Bg6 16. Bg2 0-0 17. Nd2 Qd8 18. Nde4 Bh4 19. Ng3 Bg5 20. Bxg5 Qxg5 21. e4 h5 22. Bf3 h4 23. Nf1 Qf4 24. Nd2 Nb6 25. Bg2 Bh7 26. Ne2 Qh6 27. Nc3 Qf4 28. Ne2 Qh6 29. Nc3 1/2-1/2

[Event "SRB Central-ch"]
[Site "Vrnjacka Banja"]
[Date "2007.12.12"]
[Round "4"]
[White "Radovanovic, Slavko"]
[Black "Draskovic, Dragan"]
[Result "1-0"]
[WhiteElo "2200"]
[BlackElo "2154"]
[PlyCount "103"]
[EventDate "2007.12.10"]
[EventType "swiss"]
[EventRounds "9"]
[EventCountry "YUG"]
[SourceTitle "CBM 121 Extra"]
[Source "ChessBase"]
[SourceDate "2008.01.10"]
[SourceVersion "1"]
[SourceVersionDate "2008.01.10"]
[SourceQuality "1"]

1. e4 e6 2. d4 d5 3. e5 c5 4. c3 Nc6 5. Nf3 Qb6 6. Bd3 Bd7 7. dxc5 Bxc5 8. 0-0 a5 9. Qe2 f5 10. exf6 Nxf6 11. Nbd2 0-0 12. Nb3 Bd6 13. Be3 Qc7 14. c4 Rae8 15. Rfc1 Bf4 16. Bxf4 Qxf4 17. Qd2 Qd6 18. cxd5 exd5 19. h3 b6 20. a3 a4 21. Nbd4 Nxd4 22. Nxd4 Ne4 23. Bxe4 dxe4 24. Qe3 Qg6 25. Rc7 Rf7 26. Rf1 Ref8 27. Rc2 h6 28. Rc3 Rf3 29. Nxf3 exf3 30. g3 Bxh3 31. Qd4 Bg2 32. Rfc1 Kh7 33. Rc6 Qh5 34. Qh4 Qd5 35. Qg4 Rd8 36. Qg6+ Kh8 37. Rc8 Bh3 38. Rxd8+ Qxd8 39. Re1 Bd7 40. Qd3 Qc7 41. Rd1 Be6 42. Qd8+ Qxd8 43. Rxd8+ Kh7 44. Rd6 Bb3 45. Rxb6 Bd1 46. g4 g6 47. Kh2 Kg7 48. Kg3 Kf7 49. Kf4 Kg7 50. Rd6 Be2 51. Rd4 g5+ 52. Kg3 1-0

[Event "SRB Central-ch"]
[Site "Vrnjacka Banja"]
[Date "2007.12.11"]
[Round "3"]
[White "Drazic, Sinisa"]
[Black "Radovanovic, Slavko"]
[Result "1-0"]
[WhiteElo "2493"]
[BlackElo "2200"]
[PlyCount "103"]
[EventDate "2007.12.10"]
[EventType "swiss"]
[EventRounds "9"]
[EventCountry "YUG"]
[SourceTitle "CBM 121 Extra"]
[Source "ChessBase"]
[SourceDate "2008.01.10"]
[SourceVersion "1"]
[SourceVersionDate "2008.01.10"]
[SourceQuality "1"]

1. d4 Nf6 2. c4 d6 3. Nc3 e5 4. Nf3 Nbd7 5. e4 c6 6. Be2 Be7 7. 0-0 0-0 8. Qc2 Re8 9. h3 Qc7 10. Be3 Bf8 11. Rae1 g6 12. Nd2 Bg7 13. d5 a6 14. Rc1 c5 15. a3 h6 16. b4 b6 17. Rb1 g5 18. Rb3 Nf8 19. bxc5 bxc5 20. Na4 Ng6 21. Nb6 Ra7 22. Nxc8 Rxc8 23. Rfb1 Nf4 24. Bf1 Qd8 25. Rb7 Raa8 26. R1b3 Ng6 27. g3 Ne8 28. Qd3 Nf6 29. Be2 Qe8 30. Kh2 Rd8 31. Bf3 Rdc8 32. Nb1 Bf8 33. Nc3 Rd8 34. Bd2 Rd7 35. Qb1 Rad8 36. Be2 Ne7 37. Rb2 Ng6 38. Bd1 Bg7 39. R2b6 Qf8 40. Bf3 Ne7 41. Nd1 Ne8 42. Ne3 Bf6 43. Ba5 Rc8 44. Bg4 Rdc7 45. Rxc7 Nxc7 46. Rxd6 Ne8 47. Rb6 Ng6 48. Rb3 Nd6 49. Bb6 Nb7 50. Bd1 Ne7 51. Bc7 Nd8 52. Bd6 1-0

[Event "SRB Central-ch"]
[Site "Vrnjacka Banja"]
[Date "2007.12.11"]
[Round "2"]
[White "Radovanovic, Slavko"]
[Black "Biljanic, Ljubomir"]
[Result "1/2-1/2"]
[WhiteElo "2200"]
[BlackElo "2291"]
[PlyCount "233"]
[EventDate "2007.12.10"]
[EventType "swiss"]
[EventRounds "9"]
[EventCountry "YUG"]
[SourceTitle "CBM 121 Extra"]
[Source "ChessBase"]
[SourceDate "2008.01.10"]
[SourceVersion "1"]
[SourceVersionDate "2008.01.10"]
[SourceQuality "1"]

1. e4 e5 2. Nf3 Nc6 3. c3 d5 4. Qa4 Qd6 5. Bb5 Bd7 6. d3 dxe4 7. dxe4 Qg6 8. 0-0 Nf6 9. Re1 Bd6 10. Qc2 0-0 11. Bg5 Bg4 12. Nbd2 Nd8 13. Bh4 Nh5 14. Bg3 Nxg3 15. hxg3 Qf6 16. Be2 c6 17. Nc4 Bc7 18. Ne3 Bxf3 19. Bxf3 Ne6 20. Rad1 Rfd8 21. Rxd8+ Rxd8 22. Rd1 g6 23. Rxd8+ Qxd8 24. Qd1 Qxd1+ 25. Bxd1 Kf8 26. Kf1 Ke7 27. Bb3 Nc5 28. Bc2 b5 29. b4 Nb7 30. Ke2 Bb6 31. Nd1 Nd6 32. f3 a5 33. a4 axb4 34. cxb4 Bd4 35. a5 Kd7 36. Bb3 f6 37. Kd3 Ne8 38. Bg8 h6 39. Bf7 Nc7 40. Kc2 g5 41. Nb2 Bxb2 42. Kxb2 Ke7 43. Bg8 h5 44. Kc3 h4 45. gxh4 gxh4 46. Bh7 Kd8 47. Bf5 Na6 48. Bg4 Kc7 49. Bf5 c5 50. bxc5 Nxc5 51. Kb4 Kc6 52. Bc8 Nd3+ 53. Kc3 Nf4 54. Bh3 Kc5 55. Kb3 Ne2 56. Bd7 Nd4+ 57. Kc3 Kd6 58. a6 b4+ 59. Kc4 b3 60. a7 b2 61. a8Q b1Q 62. Ba4 Qc1+ 63. Kd3 Qf1+ 64. Kc3 Qe1+ 65. Kd3 Qf2 66. Kc3 Qe3+ 67. Kc4 Qc1+ 68. Kd3 Qa3+ 69. Kc4 Qc5+ 70. Kd3 Ne6 71. Qb8+ Qc7 72. Qb4+ Nc5+ 73. Kc4 Qa7 74. Bc2 Qa2+ 75. Kc3 Qa1+ 76. Kc4 Qf1+ 77. Kc3 Qe1+ 78. Kc4 Qe2+ 79. Kc3 Qe3+ 80. Kc4 Qd4+ 81. Kb5 Qxb4+ 82. Kxb4 Ne6 83. Bd3 Nf4 84. Bf1 Ke6 85. Kc3 Kf7 86. Kd2 Kg6 87. Ke3 Kg5 88. Kf2 Nh5 89. Ke3 Ng7 90. Bc4 Ne8 91. Bb5 Nd6 92. Bd3 Nb7 93. Bb1 Na5 94. Bd3 Nc6 95. Bf1 Nb4 96. Bc4 Nc2+ 97. Kf2 Kf4 98. Be6 Nd4 99. Bh3 Nc2 100. Be6 Ne3 101. Bb3 f5 102. exf5 Nxf5 103. Be6 Nd6 104. Bh3 Nc4 105. Be6 Nb2 106. Bh3 Nd1+ 107. Ke2 Nc3+ 108. Kf2 Na4 109. Bc8 Nc3 110. Bh3 e4 111. fxe4 Nxe4+ 112. Kg1 Ke3 113. Bf5 Ng3 114. Bg4 Kf4 115. Bd1 Nf5 116. Bh5 Kg3 117. Bf3 1/2-1/2